000
00203 a2200097 4500
001
903
100
_a
Amos,.S.W
245
_a
Radio receivers & transmitters
260
_a
_b
Chapman
_c
090
_c
493
_d
493
942
_a
NUST-CAE
_c
M
_c
31300
999
_c
235976
_d
235976